书目信息 |
| 题名: |
大学英语同步达标
|
|
| 作者: | 曹玲 主编 | |
| 分册: | ||
| 出版信息: | 合肥 安徽科学技术出版社 2000.01 |
|
| 页数: | 234页 | |
| 开本: | 16开 | |
| 丛书名: | ||
| 单 册: | ||
| 中图分类: | H319 | |
| 科图分类: | ||
| 主题词: | 英语 | |
| 电子资源: | ||
| ISBN: | 7-5337-1902-6 | |
| 000 | 00548nam0 2200193 45 | |
| 001 | 0009061829 | |
| 005 | 20000906184544.6 | |
| 010 | @a7-5337-1902-6@d14.50元 | |
| 100 | @a20000906d2000 km y0chiy0120 ea | |
| 101 | 0 | @achi |
| 105 | @a z 000yy | |
| 200 | 1 | @a大学英语同步达标@ADa Xue Ying Yu Tong Bu Da Biao@f曹玲主编@FCao Ling Zhu Bian |
| 210 | @a合肥@c安徽科学技术出版社@d2000.01 | |
| 215 | @a234页@d16开 | |
| 606 | 0 | @a英语 |
| 690 | @aH319@v3 | |
| 701 | 0 | @a曹玲@4主编 |
| 801 | @aCN@bPftUser@c20000906 | |
| 905 | @b123306-315@dH319@eC.531:1@f10 | |
| 大学英语同步达标/曹玲主编.-合肥:安徽科学技术出版社,2000.01 |
| 234页;16开 |
| ISBN 7-5337-1902-6:14.50元 |
| ● |
| 相关链接 |
|
|
|
正题名:大学英语同步达标
索取号:H319/C.531:1
 
预约/预借
| 序号 | 登录号 | 条形码 | 馆藏地/架位号 | 状态 | 备注 |
| 1 | 123306 | 201233067 | 社科二线400B/400B社科库 4排1列3层/ [索取号:H319/C.531:1] | 在馆 | |
| 2 | 123307 | 201233076 | 语言库209/209语言库 41排6列4层/ [索取号:H319/C.531:1] | 在馆 | |
| 3 | 123308 | 201233085 | 社科二线400B/400B社科库 4排1列3层/ [索取号:H319/C.531:1] | 在馆 | |
| 4 | 123309 | 201233094 | 社科二线400B/400B社科库 5排4列1层/ [索取号:H319/C.531:1] | 在馆 | |
| 5 | 123310 | 201233101 | 社科二线400B/400B社科库 4排1列3层/ [索取号:H319/C.531:1] | 在馆 | |
| 6 | 123311 | 201233110 | 语言库209/209语言库 41排6列4层/ [索取号:H319/C.531:1] | 在馆 | |
| 7 | 123312 | 201233129 | 语言库209/209语言库 41排6列4层/ [索取号:H319/C.531:1] | 在馆 | |
| 8 | 123313 | 201233138 | 社科二线400B/400B社科库 5排4列1层/ [索取号:H319/C.531:1] | 在馆 | |
| 9 | 123314 | 201233147 | 社科二线400B/400B社科库 5排4列1层/ [索取号:H319/C.531:1] | 在馆 | |
| 10 | 123315 | 201233156 | 社科二线400B/400B社科库 8排1列4层/ [索取号:H319/C.531:1] | 在馆 |